Human rights
Guardat en:
| Autor principal: | |
|---|---|
| Format: | Llibre |
| Idioma: | anglès |
| Publicat: |
Cambridge
Polity Press
2017
|
| Edició: | 3a. ed |
| Col·lecció: | Key Concept Series
|
| Matèries: | |
| Etiquetes: |
Afegir etiqueta
Sense etiquetes, Sigues el primer a etiquetar aquest registre!
|
MARC
| LEADER | 00000cam a2200000 a 4500 | ||
|---|---|---|---|
| 001 | UCC9013 | ||
| 003 | CL-VaPUC | ||
| 008 | 190904e20170000uk |||||||||||||||||eng|d | ||
| 020 | |a 9781509510283 | ||
| 082 | 0 | 4 | |a 323 |b FRE |2 21 |
| 100 | 0 | |a Freeman, Michael |e author |9 603766 | |
| 245 | 1 | 0 | |a Human rights |
| 250 | |a 3a. ed | ||
| 300 | |a 256 p | ||
| 942 | |c BK | ||
| 945 | |d 20190904 15:40:00 |a cmena | ||
| 260 | |a Cambridge |b Polity Press |c 2017 | ||
| 650 | 0 | |a Derechos humanos |9 223025 | |
| 650 | 7 | |a DERECHOS POLITICOS |2 CL-VaPUC |9 314666 | |
| 650 | 0 | |a Diversidad cultural |9 473079 | |
| 650 | 0 | |a Problemas sociales |9 258537 | |
| 583 | |a last modification |c 20190904 15:40:00 |k Rodrigo Vera | ||
| 490 | 0 | |a Key Concept Series | |
| 999 | |c 375208 |d 375206 | ||
| 952 | |0 0 |1 0 |3 erb |4 0 |6 323_000000000000000_FRE_2017 |7 0 |8 WP_COW |9 561153 |a BIBDER |b BIBDER |e Fundación W and P Cowley |i 5599210 |o 323 FRE 2017 |p 5599210 |r 2023-01-25 |w 2020-03-12 |y BK |z Catalogado en:20190904 |k WPC | ||